Chansons de "Moon Safari" de AIR - Statistiques

Statistiques générales
  • Ce quiz a été pris 3 fois
  • Le résultat moyen est 6 sur 10
Statistiques - réponses
Numéro Titre % Correct
3 All I Need
100%
4 Kelly Watch the Stars
100%
2 Sexy Boy
100%
1 La femme d'argent
67%
8 Ce Matin-là
33%
10 Le voyage de Pénélope
33%
9 New Star in the Sky
33%
6 Remember
33%
5 Talisman
33%
7 You Make It Easy
33%
Aucun quiz correspondant
Distribution des résultats
% des personnes avec chaque résultat
Percentile par nombre de réponses
Votre historique - résultats
Vous n’avez pas pris ce quiz